Central Bank Policy Mix: Issues, Challenges, and Policy Responses (Запис № 572122)
[ простий вигляд ]
| 000 -LEADER | |
|---|---|
| fixed length control field | 02949nam a22005415i 4500 |
| 001 - CONTROL NUMBER | |
| control field | 978-981-16-6827-2 |
| 003 - CONTROL NUMBER IDENTIFIER | |
| control field | DE-He213 |
| 005 - DATE AND TIME OF LATEST TRANSACTION | |
| control field | 20260304124148.0 |
| 007 - PHYSICAL DESCRIPTION FIXED FIELD--GENERAL INFORMATION | |
| fixed length control field | cr nn 008mamaa |
| 008 - FIXED-LENGTH DATA ELEMENTS--GENERAL INFORMATION | |
| fixed length control field | 220122s2022 si | s |||| 0|eng d |
| 020 ## - INTERNATIONAL STANDARD BOOK NUMBER | |
| International Standard Book Number | 9789811668272 |
| -- | 978-981-16-6827-2 |
| 024 7# - OTHER STANDARD IDENTIFIER | |
| Standard number or code | 10.1007/978-981-16-6827-2 |
| Source of number or code | doi |
| 050 #4 - LIBRARY OF CONGRESS CALL NUMBER | |
| Classification number | HB172.5 |
| 072 #7 - SUBJECT CATEGORY CODE | |
| Subject category code | KCB |
| Source | bicssc |
| 072 #7 - SUBJECT CATEGORY CODE | |
| Subject category code | BUS039000 |
| Source | bisacsh |
| 072 #7 - SUBJECT CATEGORY CODE | |
| Subject category code | KCB |
| Source | thema |
| 082 04 - DEWEY DECIMAL CLASSIFICATION NUMBER | |
| Classification number | 339 |
| Edition number | 23 |
| 245 10 - TITLE STATEMENT | |
| Title | Central Bank Policy Mix: Issues, Challenges, and Policy Responses |
| Medium | [electronic resource] : |
| Remainder of title | Handbook of Central Banking Studies / |
| Statement of responsibility, etc | edited by Perry Warjiyo, Solikin M. Juhro. |
| 250 ## - EDITION STATEMENT | |
| Edition statement | 1st ed. 2022. |
| 264 #1 - | |
| -- | Singapore : |
| -- | Springer Nature Singapore : |
| -- | Imprint: Springer, |
| -- | 2022. |
| 300 ## - PHYSICAL DESCRIPTION | |
| Extent | XIX, 280 p. 61 illus., 60 illus. in color. |
| Other physical details | online resource. |
| 336 ## - | |
| -- | text |
| -- | txt |
| -- | rdacontent |
| 337 ## - | |
| -- | computer |
| -- | c |
| -- | rdamedia |
| 338 ## - | |
| -- | online resource |
| -- | cr |
| -- | rdacarrier |
| 347 ## - | |
| -- | text file |
| -- | |
| -- | rda |
| 505 0# - FORMATTED CONTENTS NOTE | |
| Formatted contents note | Central Bank Policy Mix: Key Concepts and Indonesia’s Experience -- Central Bank Policy Mix: Issues, Challenges, and Policy Responses -- Monetary Policy -- Exchange Rate Policy and Regimes -- Managing Capital Flows -- Financial Stability and Systemic Risk -- Macroprudential Policies and Institutional Arrangements. |
| 506 0# - RESTRICTIONS ON ACCESS NOTE | |
| Terms governing access | Open Access |
| 520 ## - SUMMARY, ETC. | |
| Summary, etc | This is an open access book. This book is an integration of keynote speeches, lectures, and related teaching materials during the five years of the "Central Bank Policy Mix: Issues, Challenges and Policy Responses" flagship program of the BI Institute, the learning and research centre of Bank Indonesia. The book examines the interactions among central bank policies including monetary policy, exchange rate policy, macroprudential policy, and capital flow management and also elaborates on modeling issues and quantitative analysis of the interaction between macroeconomic variables and policy instruments. . |
| 650 #0 - SUBJECT ADDED ENTRY--TOPICAL TERM | |
| Topical term or geographic name as entry element | Macroeconomics. |
| 650 #0 - SUBJECT ADDED ENTRY--TOPICAL TERM | |
| Topical term or geographic name as entry element | Finance. |
| 650 #0 - SUBJECT ADDED ENTRY--TOPICAL TERM | |
| Topical term or geographic name as entry element | Economic policy. |
| 650 14 - SUBJECT ADDED ENTRY--TOPICAL TERM | |
| Topical term or geographic name as entry element | Macroeconomics and Monetary Economics. |
| 650 24 - SUBJECT ADDED ENTRY--TOPICAL TERM | |
| Topical term or geographic name as entry element | Financial Economics. |
| 650 24 - SUBJECT ADDED ENTRY--TOPICAL TERM | |
| Topical term or geographic name as entry element | Economic Policy. |
| 700 1# - ADDED ENTRY--PERSONAL NAME | |
| Personal name | Warjiyo, Perry. |
| Relator term | editor. |
| Relator code | edt |
| -- | http://id.loc.gov/vocabulary/relators/edt |
| 9 (RLIN) | 23597 |
| 700 1# - ADDED ENTRY--PERSONAL NAME | |
| Personal name | Juhro, Solikin M. |
| Relator term | editor. |
| -- | (orcid)0000-0002-9405-8371 |
| -- | https://orcid.org/0000-0002-9405-8371 |
| Relator code | edt |
| -- | http://id.loc.gov/vocabulary/relators/edt |
| 9 (RLIN) | 19004 |
| 710 2# - ADDED ENTRY--CORPORATE NAME | |
| Corporate name or jurisdiction name as entry element | SpringerLink (Online service) |
| 773 0# - HOST ITEM ENTRY | |
| Title | Springer Nature eBook |
| 776 08 - ADDITIONAL PHYSICAL FORM ENTRY | |
| Display text | Printed edition: |
| International Standard Book Number | 9789811668265 |
| 776 08 - ADDITIONAL PHYSICAL FORM ENTRY | |
| Display text | Printed edition: |
| International Standard Book Number | 9789811668289 |
| 776 08 - ADDITIONAL PHYSICAL FORM ENTRY | |
| Display text | Printed edition: |
| International Standard Book Number | 9789811668296 |
| 856 40 - ELECTRONIC LOCATION AND ACCESS | |
| Uniform Resource Identifier | <a href="https://doi.org/10.1007/978-981-16-6827-2">https://doi.org/10.1007/978-981-16-6827-2</a> |
| 912 ## - | |
| -- | ZDB-2-ECF |
| 912 ## - | |
| -- | ZDB-2-SXEF |
| 912 ## - | |
| -- | ZDB-2-SOB |
Немає доступних примірників.